000 00650nam a2200253 a 4500
001 14307
003 BD-JhCC
005 20250302140321.0
008 250302b 2018e a|||| ||a| 001 0 eng d
020 _a9780241339398
035 _a(BD-JhCC)14307
040 _aBD-JhCC
_dBD-JhCC
041 _aenglish
082 _a808.82
_bSTE 2018
100 _a Lem,Stanislaw
245 _aThe Three Electroknights /
_cStanislaw Lem.
260 _aNew York:
_bPenguin Books;
_c2018.
300 _a51 p. :
_c16 cm.
490 _aPenguin Modern: 09
500 _aPenguin Modern: 09
650 _a English short stories
942 _2ddc
_cBK
999 _c14307
_d14307